Where's Everybody At? Quiz Stats

 Plays Quiz Updated Mar 26, 2019

Score 0/20 Timer 06:00
7 Plays Today
Question Answer Wrong Answers
This was where all the Friends went to drink coffee Central Perk
92.8%
Cafe Nervosa
1.5%
The Comeback Cafe
1.6%
Bread Way
0.4%
After work Homer and his buddies hang out here while the barkeep fields prank calls from Bart Moe's Tavern
92.2%
The Krusty Krab
1.7%
Lard Lad
0.8%
Duff's Corporate Headquarters
1.4%
For guys like Norm, this is the place where everybody knows your name Cheers
91.9%
Gary's Old Towne Tavern
2%
May Day's
0.8%
Archie Bunker's Place
1.4%
SpongeBob and his Bikini Bottom friends can be found here The Krusty Krab
89.6%
Krusty's Fun House
1.4%
Krustyburgers
3.9%
The Double R Diner
1.5%
YABBA DABBA DOO - LET'S EAT! Bronto Burger
88.3%
Bob's Burgers
2.6%
The Hip Joint
4.4%
The Ink and Paint Club
0.9%
Fonzie had the touch when it came to the jukebox at this '50s drive-in Arnold's
84.9%
Sonic
1.7%
All-American Burger
6.2%
Jack Rabbit Slim's
3.2%
Rarely would an episode go by without George, Elaine, Kramer and Jerry eating here Monk's Cafe
76.8%
Joe's Fruit Shop
2.7%
Kenny Rogers Roasters
2.7%
Soup For You
13.7%
This place was legen... - wait for it - ...dary for Ted, Barney, Robin, Marshall and Lily MacLaren's Pub
75.8%
The Pie Hole
7.2%
The Griffin
3.6%
Cooper's
9.2%
Peter, Quagmire, Cleveland and Joe drink beer in the same booth at this bar The Drunken Clam
75.3%
Moe's Tavern
6.3%
Boston Sea Party
5.2%
Bob's Burgers
9.4%
When not breaking bad, this was the place to go for more than just greasy eats Los Pollos Hermanos
71.1%
Popeye's
6.5%
Gus Fring's Bling
11.6%
Nuovo Vesuvio
6.6%
At one time Sheldon, Leonard, Howard and Raj liked to eat here - especially when Penny and Bernadette were working Cheesecake Factory
70.6%
Howard Johnson's
6.1%
Szechuan Palace
14.9%
Chuck E Cheese
4.5%
In Beverly Hills this is the place to go for a healthy dose of teen drama The Peach Pit
69.6%
Monk's Cafe
4%
The Hub
11.8%
Shooters
10.2%
Frasier and Niles Crane made their fussy orders at this Seattle coffeehouse Cafe Nervosa
67.6%
Central Perk
2.8%
The Space Needle
18.1%
Tarbuck's
7.3%
For good eats mixed with clever and cranky conversation this was the place for the Gilmore Girls Luke's Diner
65%
Rick's Café Américain
8.9%
The Lanford Lunchbox
16.4%
Weenie Beenie
5.2%
When not in Foreman's basement, he and his friends spent the 70s here The Hub
55.1%
Arnold's
10.3%
Dino's Bar and Grill
19.8%
Stan Mikita's Donuts
10.5%
After meatball surgery, Hawkeye and Trapper John would head over to this local establishment Rosie's
47%
Colonel Klink's
13.2%
The Tropicana
11.2%
Soon-Lee's
24.4%
This was the belly of the beast for the Soprano family Bada Bing!
43.5%
The Bamboo Lounge
22.7%
Olio d'Oliva
14.3%
The Copacabana
15.2%
Before it was Archie Bunker's Place it was Archie Bunker's place to have a beer Kelsey's
35%
Mickey's Firehouse
16.9%
The Bigger Jigger
6.2%
Charlie's
37.4%
Everybody loved Raymond and eating pizza at this place Nemo's
29.2%
Franco's
22.1%
Mario's
34.6%
Vic's Tomato Pies
9.8%
When not fighting each other, vampires and their slayers could pick their poison here The Bronze
25.4%
Stake and Ale
28.7%
Merlotte's Bar and Grill
26.2%
Fangtasia
15.5%

You're not logged in!

Compare scores with friends on all Sporcle quizzes.
OR
Log In

Sporcle TV

Today on Sporcle TV


Watch our educational content, quiz creation guides, and fun videos on Sporcle TV.

Show Comments

Extras

Top Quizzes Today


Score Distribution

Your Account Isn't Verified!

In order to create a playlist on Sporcle, you need to verify the email address you used during registration. Go to your Sporcle Settings to finish the process.

Report this User

Report this user for behavior that violates our Community Guidelines.

Details: